000 00648nim a2200205 a 4500
005 20170215171102.0
008 140121b2000 ck ||||| |||| 00| 0 spa d
020 _a9680677
040 _aCO-BoIAVH
_cCO-BoIAVH
041 _aspa
090 _aS-
_b0005
100 1 _aAlvarez R., Mauricio
_eautor
_94175
245 1 0 _aCantos de aves de la cordillera oriental de Colombia
257 _aColombia
264 _aBogotá:
_bInstituto de Investigación de Recursos Biológicos Alexander von Humboldt,
_c(s.f.)
300 _a1 DVD
_b59 archivos sonoros
650 _aCantos de aves
_zcolombia
_979721
650 _aAves
_zcolombia
_979722
942 _cDVD
_2z
999 _c2168
_d2168